Statistics for Fast Math - Simplest Form

Click here to take the quiz!

General Stats

  • This quiz has been taken 43 times
  • The average score is 10 of 15

Answer Stats

ProblemSimplest Form% Correct
28 + 89117
100%
75 x 201,500
100%
76 x 8608
100%
968 - 356612
100%
604 + 76680
100%
625 + 324949
100%
234 - 56178
83%
649 - 75574
83%
372 ÷ 493
83%
2(256x)512x
80%
498 - 324174
75%
846 x 54,230
75%
√ 409664
75%
265 x 3795
75%
88 + 279367
71%
23 x 32736
60%
√ 102432
50%
8,120 - 2,3585,762
50%
58923 ÷ 319,641
43%
256x / 1616x
40%
2 ^ 124,096
40%
9,999 x 989,991
40%
7,660 - 3,7943,866
20%
28 x 27756
20%
(434 x ^ 2) / 14x31x
17%

Score Distribution

Percentile by Number Answered

Percent of People with Each Score

Your Score History

You have not taken this quiz